000 004410000a22001810004500
003 MACL
005 20151004151420.0
008 151004b xxu||||| |||| 00| 0 eng d
040 _aMACL
_cMACL
041 _aEnglish
082 _a910
100 _aMathur, Kaushal Kumar
_913710
245 _aNicobar Islands
260 _bNatioal Book Trust
_c1967
_aNew Delhi
350 _a9
650 _aGeography & Travel
_913711
942 _cBK
_k910
_2ddc
999 _c7324
_d7324